000 00263nam a2200097Ia 4500
008 230508s2010 xx 000 0 und d
041 _aeng
100 _aHERBERT SCHILDF
245 _aTHE COMPLETE RAFERENCE JAVA 2 5TH EDITION
260 _bTATA MCGRAW HILL EDU
_c2010
999 _c322193
_d322193